Pierwiastki chemiczne na każdą długość liter - Statystyki

Ogólne statystyki
  • Ten quiz został rozwiązany 97 razy
  • Średni wynik to 6 z 8
Statystyki odpowiedzi
Liczba liter Pierwiastek % Poprawnych
3 Hel||Lit||Bor||Sód||Gal||Itr||Rod||Ind||Jod||Cez||Bar||Cer||Erb||Tul||Ren|| Osm||Tal||Rad||Tor||Has
99%
5 Wodór||Beryl||Fluor||Krzem||Chlor||Argon||Potas||Skand||Tytan||Wanad||Chrom||Miedź ||Arsen||Selen||Rubid||Ruten||Samar||Europ||Iterb ||Lutet||Złoto||Polon||Astat||Radon||Frans ||Aktyn||Nobel||Nihon||Tenes
99%
4 Azot||Tlen||Neon||Glin||Wapń||Cynk||Brom||Niob||Kadm||Cyna||Terb||Holm||Hafn||Iryd||
Rtęć||Ołów||Uran||Kiur||Ferm||Dubn||Bohr
98%
6 Węgiel||Magnez||Fosfor||Siarka||Mangan||Żelazo||Kobalt||Nikiel||German||Stront||Cyrkon||Pallad|| Srebro||Tellur||Ksenon||Lantan||Neodym||Promet ||Tantal||Bizmut||Neptun||Pluton||Ameryk||Berkel|| Lorens||Flerow||Moskow||
98%
8 Molibden||Kaliforn||Einstein||Mendelew||Roentgen||Kopernik||Liwermor||Oganeson
74%
7 Krypton||Technet||Antymon||Gadolin||Dysproz||Wolfram||Platyna||Seaborg||Meitner
52%
10 Rutherford||Darmsztadt
30%
9 Prazeodym||Proaktyn
28%
Nie znaleziono quizów pasujących do podanych kryteriów
Rozkład punktacji
Procent ludzi z każdym wynikiem
Percentyl według liczby udzielonych odpowiedzi
Twoja historia wyników
Nie rozwiązałeś tego quizu